[Event "PRVA LIGA  CENTRALNE SRBIJE"]
[Site "Vrnjacka Banja"]
[Date "2012.10.04"]
[Round "8.1"]
[White "Chatalbashev, Boris"]
[Black "Stojanovski, Dejan"]
[Result "1/2-1/2"]
[WhiteElo "2549"]
[BlackElo "2435"]
[PlyCount "157"]
[EventDate "2012.09.29"]

1. c4 Nf6 2. Nc3 c5 3. g3 g6 4. Bg2 Bg7 5. a3 Nc6 6. Qa4 O-O 7. b4 d6 8. Rb1
cxb4 9. axb4 Be6 10. b5 Na5 11. d3 d5 12. cxd5 Nxd5 13. Nxd5 Bxd5 14. Bxd5 Qxd5
15. Nf3 Bc3+ 16. Kf1 e5 17. Bh6 Rfc8 18. Kg2 b6 19. Qh4 Qe6 20. Rhc1 f6 21. Rc2
Nb3 22. Qe4 Nc5 23. Qe3 Ba5 24. h4 Re8 25. Ra1 Bb4 26. Rc4 a5 27. bxa6 Rxa6 28.
Rxa6 Nxa6 29. h5 Bc5 30. Qe4 Qf7 31. hxg6 hxg6 32. Ra4 Nc7 33. Ra7 Re7 34. Qg4
Ne6 35. Ra8+ Re8 36. Ra1 Bf8 37. Bxf8 Nxf8 38. Rb1 Qe6 39. Qe4 Re7 40. Nd2 Rh7
41. Qc4 Rb7 42. Ne4 Qxc4 43. dxc4 Nd7 44. c5 Rc7 45. cxb6 Rb7 46. Rd1 Kg7 47.
Rd6 f5 48. Ng5 Nxb6 49. Ne6+ Kg8 50. Nd8 Rb8 51. Rxg6+ Kh7 52. Rd6 Nc4 53. Rd7+
Kg6 54. Nb7 Rc8 55. Rd5 Kf6 56. Nc5 Rc6 57. Nd3 Ke6 58. Rd8 Nd6 59. Rh8 Nf7 60.
Re8+ Kf6 61. Rf8 Rc7 62. f4 exf4 63. gxf4 Ke7 64. Ra8 Nd6 65. Kf3 Rc2 66. Rh8
Nb5 67. Ke3 Rc4 68. Rh7+ Ke6 69. Rh6+ Ke7 70. Rb6 Nd6 71. Kf3 Ra4 72. Ne5 Ra3+
73. e3 Rc3 74. Ke2 Rc5 75. Nc6+ Kd7 76. Nd4 Ra5 77. Rb2 Rc5 78. Kf3 Ra5 79. Rh2
1/2-1/2

[Event "PRVA LIGA  CENTRALNE SRBIJE"]
[Site "Vrnjacka Banja"]
[Date "2012.10.04"]
[Round "8.1"]
[White "Djukic, Zeljko"]
[Black "Indjic, Aleksandar"]
[Result "0-1"]
[WhiteElo "2405"]
[BlackElo "2494"]
[PlyCount "50"]
[EventDate "2012.09.29"]

1. d4 Nf6 2. c4 c5 3. d5 e6 4. Nc3 exd5 5. cxd5 d6 6. e4 g6 7. Nf3 a6 8. a4 Bg4
9. Be2 Bxf3 10. Bxf3 Nbd7 11. Bf4 Qe7 12. O-O Bg7 13. Qd2 O-O 14. a5 Rac8 15.
Ra4 Rfe8 16. h3 Qf8 17. g4 h6 18. Bg2 Rb8 19. Rfa1 Ne5 20. Be3 g5 21. Ne2 Nfd7
22. f4 gxf4 23. Nxf4 b5 24. axb6 Nxb6 25. Kh1 Nec4 0-1

[Event "PRVA LIGA  CENTRALNE SRBIJE"]
[Site "Vrnjacka Banja"]
[Date "2012.10.04"]
[Round "8.1"]
[White "Todorovic, Goran N"]
[Black "Ilic, Zoran S"]
[Result "1/2-1/2"]
[WhiteElo "2388"]
[BlackElo "2311"]
[PlyCount "26"]
[EventDate "2012.09.29"]

1. Nf3 c5 2. c4 Nc6 3. Nc3 g6 4. e3 Bg7 5. d4 d6 6. h3 Nf6 7. d5 Na5 8. Bd3 O-O
9. e4 e5 10. Bg5 h6 11. Bd2 a6 12. Qe2 Nh5 13. g3 Bd7 1/2-1/2

[Event "PRVA LIGA  CENTRALNE SRBIJE"]
[Site "Vrnjacka Banja"]
[Date "2012.10.04"]
[Round "8.1"]
[White "Djokic, Vladan"]
[Black "Rajkovic, Dusan"]
[Result "0-1"]
[WhiteElo "2334"]
[BlackElo "2409"]
[PlyCount "94"]
[EventDate "2012.09.29"]

1. e4 c5 2. Nf3 e6 3. d4 cxd4 4. Nxd4 a6 5. Bd3 Nf6 6. O-O e5 7. Nf3 Nc6 8. c4
Bc5 9. Nc3 d6 10. h3 O-O 11. Bg5 h6 12. Bh4 Be6 13. Kh1 Nb8 14. g4 g5 15. Bg3
Nc6 16. Nd5 Kg7 17. Qd2 Nd7 18. Ne1 h5 19. f3 Rh8 20. Kg2 Nf8 21. Nc2 Ng6 22.
b4 Ba7 23. Rh1 Rc8 24. Rab1 Nf4+ 25. Nxf4 exf4 26. Bf2 Bxf2 27. Qxf2 Qf6 28.
Be2 hxg4 29. hxg4 Rxh1 30. Rxh1 Qc3 31. Bf1 Bxc4 32. Bxc4 Qxc4 33. Rd1 Qxa2 34.
Rxd6 Ne5 35. Rd2 Rh8 36. Qd4 Qe6 37. Qa1 f6 38. Nd4 Qe8 39. Nf5+ Kg6 40. Rd6
Rh7 41. Qd4 Rh2+ 42. Kxh2 Nxf3+ 43. Kg2 Nxd4 44. Rxd4 Qa4 45. Kf1 Kf7 46. Nd6+
Ke6 47. Nf5 Ke5 0-1

[Event "PRVA LIGA  CENTRALNE SRBIJE"]
[Site "Vrnjacka Banja"]
[Date "2012.10.04"]
[Round "8.1"]
[White "Ristic, Nenad"]
[Black "Djukic, Stevan"]
[Result "1-0"]
[WhiteElo "2422"]
[BlackElo "2256"]
[PlyCount "75"]
[EventDate "2012.09.29"]

1. e4 c5 2. Nf3 e6 3. Nc3 Nc6 4. Bb5 Nge7 5. O-O a6 6. Bxc6 Nxc6 7. d4 cxd4 8.
Nxd4 Qc7 9. Re1 b5 10. a4 Nxd4 11. Qxd4 Qc4 12. Qe5 d6 13. Qh5 b4 14. Nd5 exd5
15. exd5+ Be7 16. Qg5 O-O 17. Rxe7 Qxc2 18. Bf4 Qxb2 19. Rae1 h6 20. Qg3 Qd4
21. R7e4 Qc3 22. R4e3 Qc2 23. Bxd6 Rd8 24. Be5 Qg6 25. Qf4 f6 26. Bd6 Qg5 27.
Qxb4 Qxd5 28. Bf4 Bb7 29. Rg3 Kh8 30. Bxh6 Rd7 31. Qh4 Kg8 32. Bxg7 Rxg7 33.
Rxg7+ Kxg7 34. Re7+ Kg6 35. Qh7+ Kg5 36. h4+ Kf4 37. Qh6+ Kg4 38. Qg6+ 1-0

[Event "PRVA LIGA  CENTRALNE SRBIJE"]
[Site "Vrnjacka Banja"]
[Date "2012.10.04"]
[Round "8.1"]
[White "Stankovic, Dejan"]
[Black "Djokic, Nenad"]
[Result "1/2-1/2"]
[WhiteElo "2267"]
[BlackElo "2401"]
[PlyCount "108"]
[EventDate "2012.09.29"]

1. e4 c5 2. Nf3 Nc6 3. Bb5 e6 4. O-O Nge7 5. Nc3 Ng6 6. Bxc6 bxc6 7. d4 cxd4 8.
Qxd4 Qb6 9. Be3 Qxd4 10. Nxd4 Ne5 11. Rad1 f6 12. h3 g5 13. b3 Ba6 14. Rfe1 Bb4
15. Bd2 Rb8 16. Na4 Ke7 17. Bxb4+ Rxb4 18. Nc5 Bc8 19. c4 Rb6 20. Rd2 d6 21.
Na4 Ra6 22. Nc3 Bd7 23. Red1 Rc8 24. Nf3 Nxf3+ 25. gxf3 c5 26. Kg2 Be8 27. Kg3
Rb6 28. Rd3 a6 29. f4 gxf4+ 30. Kxf4 Bf7 31. Rg1 Rg8 32. Rxg8 Bxg8 33. Rg3 Kf8
34. Ke3 Bf7 35. f4 Bg6 36. f5 Bf7 37. h4 Rb7 38. Kf4 e5+ 39. Ke3 Bg8 40. Na4
Bf7 41. Nc3 Bg8 42. Kf2 Rg7 43. Rxg7 Kxg7 44. Ne2 Bf7 45. Ng3 Kf8 46. a4 Ke7
47. a5 Kd8 48. Kf3 Ke7 49. Kg4 Kf8 50. Kf3 Ke7 51. Ke3 Kd7 52. Kd3 Ke7 53. Kc3
Kd7 54. Nf1 Ke7 1/2-1/2

[Event "PRVA LIGA  CENTRALNE SRBIJE"]
[Site "Vrnjacka Banja"]
[Date "2012.10.04"]
[Round "8.2"]
[White "Misic, Dragan"]
[Black "Nikolic, Dragovan"]
[Result "1/2-1/2"]
[WhiteElo "2294"]
[BlackElo "2239"]
[PlyCount "22"]
[EventDate "2012.09.29"]

1. d4 Nf6 2. Nf3 c5 3. c4 cxd4 4. Nxd4 g6 5. Nc3 Bg7 6. e3 O-O 7. Be2 d6 8. O-O
Nc6 9. b3 Bd7 10. Bb2 Nxd4 11. exd4 d5 1/2-1/2

[Event "PRVA LIGA  CENTRALNE SRBIJE"]
[Site "Vrnjacka Banja"]
[Date "2012.10.04"]
[Round "8.3"]
[White "Atalik, Suat"]
[Black "Pap, Gyula"]
[Result "1-0"]
[WhiteElo "2603"]
[BlackElo "2569"]
[PlyCount "75"]
[EventDate "2012.09.29"]

1. d4 Nf6 2. c4 g6 3. Nc3 Bg7 4. e4 d6 5. Be2 O-O 6. Bg5 c5 7. d5 e6 8. Qd2
exd5 9. exd5 Re8 10. Nf3 Bg4 11. O-O Nbd7 12. h3 Bxf3 13. Bxf3 Qb6 14. Qc2 Kh8
15. Bd2 a6 16. Rae1 Rxe1 17. Rxe1 Re8 18. Bd1 Rxe1+ 19. Bxe1 Qd8 20. Qe2 Ne8
21. g4 Nc7 22. f4 Bd4+ 23. Kg2 Kg8 24. b3 Kf8 25. Ne4 Qe7 26. g5 Ne8 27. h4 Ng7
28. Ng3 f6 29. Qxe7+ Kxe7 30. Bg4 b6 31. Bd2 a5 32. Ne2 Bb2 33. Kh3 Nb8 34. Ng3
Na6 35. h5 gxh5 36. Bf5 Nb4 37. a4 fxg5 38. fxg5 1-0

[Event "PRVA LIGA  CENTRALNE SRBIJE"]
[Site "Vrnjacka Banja"]
[Date "2012.10.04"]
[Round "8.3"]
[White "Martinovic, Slobodan"]
[Black "Brankovic, Dejan"]
[Result "1/2-1/2"]
[WhiteElo "2447"]
[BlackElo "2337"]
[PlyCount "25"]
[EventDate "2012.09.29"]

1. d4 Nf6 2. Nf3 g6 3. c4 Bg7 4. g3 d6 5. Bg2 O-O 6. Nc3 Nbd7 7. O-O e5 8. Qc2
c6 9. Rd1 Qe7 10. e4 h6 11. h3 Nh7 12. Be3 exd4 13. Nxd4 1/2-1/2

[Event "PRVA LIGA  CENTRALNE SRBIJE"]
[Site "Vrnjacka Banja"]
[Date "2012.10.04"]
[Round "8.3"]
[White "Dezelin, Milan"]
[Black "Marinkovic, Ivan"]
[Result "0-1"]
[WhiteElo "2287"]
[BlackElo "2443"]
[PlyCount "58"]
[EventDate "2012.09.29"]

1. d4 Nf6 2. c4 c5 3. d5 b5 4. cxb5 a6 5. bxa6 g6 6. Nc3 Bxa6 7. Nf3 d6 8. e4
Bxf1 9. Kxf1 Bg7 10. g3 O-O 11. Kg2 Nbd7 12. a4 Ra6 13. h3 Qa8 14. Re1 Rb8 15.
Ra3 Rb4 16. Qc2 Nb6 17. b3 c4 18. Nb5 Rxb5 19. axb5 Rxa3 20. Bxa3 Qxa3 21. bxc4
Nfd7 22. Nd2 h5 23. Re3 Qc5 24. Qb3 Bh6 25. f4 h4 26. Re1 hxg3 27. Kxg3 Nf6 28.
Qe3 Nh5+ 29. Kf3 Qc7 0-1

[Event "PRVA LIGA  CENTRALNE SRBIJE"]
[Site "Vrnjacka Banja"]
[Date "2012.10.04"]
[Round "8.3"]
[White "Arsovic, Goran"]
[Black "Cvetanovic, Uros"]
[Result "1-0"]
[WhiteElo "2435"]
[BlackElo "2229"]
[PlyCount "81"]
[EventDate "2012.09.29"]

1. d4 Nf6 2. Nf3 e6 3. c4 c5 4. d5 exd5 5. cxd5 d6 6. Nc3 g6 7. Bf4 a6 8. Nd2
Nh5 9. Qa4+ Qd7 10. Qe4+ Kd8 11. Nc4 Nxf4 12. Qxf4 Qf5 13. Qd2 Nd7 14. a4 b6
15. e4 Qf6 16. Bd3 Rb8 17. f4 Qh4+ 18. g3 Qh3 19. Bf1 Qh6 20. Bg2 f6 21. O-O
Be7 22. Qd3 Qg7 23. Rfe1 Re8 24. Re2 Bf8 25. Rae1 a5 26. Nb5 Ba6 27. Qb3 Bxb5
28. Qxb5 g5 29. Kh1 h5 30. Bh3 g4 31. Bg2 h4 32. Kg1 Qh6 33. Ne3 Qh8 34. Nf5
Rc8 35. Rc2 hxg3 36. hxg3 Qh7 37. Kf2 Kc7 38. Rh1 Qf7 39. Rh4 Kb7 40. Rxg4 c4
41. Rg7 1-0

[Event "PRVA LIGA  CENTRALNE SRBIJE"]
[Site "Vrnjacka Banja"]
[Date "2012.10.04"]
[Round "8.3"]
[White "Vucicevic, Moma"]
[Black "Zajic, Milan"]
[Result "1/2-1/2"]
[WhiteElo "2313"]
[BlackElo "2212"]
[PlyCount "51"]
[EventDate "2012.09.29"]

1. d4 d5 2. c4 c6 3. Nf3 Nf6 4. e3 Bg4 5. h3 Bxf3 6. Qxf3 e6 7. Nc3 Nbd7 8. Bd3
Bb4 9. O-O O-O 10. Qd1 Ba5 11. Bd2 Re8 12. Rc1 e5 13. cxd5 exd4 14. exd4 Bxc3
15. bxc3 cxd5 16. c4 Ne4 17. Be3 dxc4 18. Rxc4 Nb6 19. Rb4 Rc8 20. Qf3 Nc3 21.
Qxb7 Nxa2 22. Rb5 Nc3 23. Rf5 Re7 24. Qf3 Ncd5 25. Bd2 Qd6 26. g3 1/2-1/2

[Event "PRVA LIGA  CENTRALNE SRBIJE"]
[Site "Vrnjacka Banja"]
[Date "2012.10.04"]
[Round "8.5"]
[White "Markovic, Zoran S"]
[Black "Misailovic, Nebojsa"]
[Result "1-0"]
[WhiteElo "2361"]
[BlackElo "2313"]
[PlyCount "81"]
[EventDate "2012.09.29"]

1. e4 c5 2. Nf3 Nc6 3. d4 cxd4 4. Nxd4 g6 5. c4 Bg7 6. Be3 Nf6 7. Nc3 Ng4 8.
Qxg4 Nxd4 9. Qd1 Ne6 10. Rc1 Qa5 11. Be2 b6 12. O-O Bb7 13. f3 f5 14. exf5 gxf5
15. f4 Rc8 16. a3 Ba6 17. Nb5 Bxb2 18. Bd2 Bxc1 19. Bxa5 Be3+ 20. Kh1 bxa5 21.
Qd3 Bb6 22. Qxf5 Rc5 23. Qg4 Bxb5 24. cxb5 Rc2 25. f5 Rxe2 26. Qxe2 Nd4 27.
Qh5+ Kd8 28. Qf7 Re8 29. Rc1 Nxb5 30. Rc8+ Kxc8 31. Qxe8+ Bd8 32. g4 Nd6 33.
Qf8 Ne4 34. Qg8 Nc5 35. g5 Kc7 36. Qd5 d6 37. g6 e6 38. Qd4 hxg6 39. fxg6 Nd7
40. Qc4+ Kb7 41. Qxe6 1-0

[Event "PRVA LIGA  CENTRALNE SRBIJE"]
[Site "Vrnjacka Banja"]
[Date "2012.10.04"]
[Round "8.5"]
[White "Colovic, Dusan"]
[Black "Organdziev, Oliver"]
[Result "1-0"]
[WhiteElo "2383"]
[BlackElo "2311"]
[PlyCount "75"]
[EventDate "2012.09.29"]

1. d4 d5 2. Nc3 Bf5 3. f3 e6 4. e4 Bg6 5. exd5 exd5 6. Qe2+ Ne7 7. Bf4 a6 8.
O-O-O Nbc6 9. h4 h6 10. g3 Qd7 11. Bh3 f5 12. Na4 b6 13. b3 Kf7 14. Nb2 Nc8 15.
Nd3 Ba3+ 16. Kb1 Re8 17. Ne5+ Nxe5 18. dxe5 c5 19. g4 Ne7 20. h5 Bh7 21. g5
hxg5 22. Bxg5 d4 23. Bxe7 Qxe7 24. f4 Qh4 25. Bg2 Qxf4 26. Bxa8 Rxa8 27. Nh3
Qh6 28. Rhg1 Kf8 29. Ng5 b5 30. Rdf1 c4 31. Qg4 Rd8 32. Rxf5+ Bxf5 33. Qxf5+
Kg8 34. Qf7+ Kh8 35. e6 d3 36. cxd3 cxd3 37. e7 Bxe7 38. Qxe7 1-0

[Event "PRVA LIGA  CENTRALNE SRBIJE"]
[Site "Vrnjacka Banja"]
[Date "2012.10.04"]
[Round "8.5"]
[White "Prelevic, Dusko"]
[Black "Civric, Zdravko"]
[Result "1-0"]
[WhiteElo "2337"]
[BlackElo "2215"]
[PlyCount "79"]
[EventDate "2012.09.29"]

1. d4 c5 2. d5 g6 3. e4 Bg7 4. Nf3 d6 5. Bb5+ Bd7 6. Bd3 Bg4 7. O-O Nf6 8. Nbd2
O-O 9. h3 Bd7 10. a4 b6 11. Re1 Qc8 12. Nc4 b5 13. axb5 Bxb5 14. Nxd6 exd6 15.
Bxb5 Nfd7 16. c3 a6 17. Bf4 Qc7 18. Bf1 Re8 19. Qa4 Kf8 20. Qa5 Nb6 21. e5 dxe5
22. Nxe5 Bxe5 23. Bxe5 Rxe5 24. Rxe5 Qxe5 25. Qxb6 Qxd5 26. Bc4 Qxc4 27. Qb7
Kg7 28. Qxa8 Nd7 29. Qxa6 Qd5 30. Qe2 Nf6 31. Rd1 Qf5 32. g4 Qf4 33. Qe3 Qc7
34. Re1 h6 35. Qe5 Qd7 36. Re3 g5 37. Rf3 Qd8 38. b4 cxb4 39. cxb4 Kg6 40. b5
1-0

[Event "PRVA LIGA  CENTRALNE SRBIJE"]
[Site "Vrnjacka Banja"]
[Date "2012.10.04"]
[Round "8.5"]
[White "Knezevic, Veljko"]
[Black "Dudukovic, Nikola"]
[Result "0-1"]
[WhiteElo "1915"]
[BlackElo "2283"]
[PlyCount "78"]
[EventDate "2012.09.29"]

1. e4 e6 2. d4 d5 3. Nc3 Nf6 4. Bg5 Be7 5. e5 Nfd7 6. Bxe7 Qxe7 7. f4 a6 8. Nf3
c5 9. Qd2 Nc6 10. dxc5 Qxc5 11. O-O-O b5 12. Kb1 Nb6 13. Bd3 Bd7 14. Ne2 O-O-O
15. Qc3 Qe7 16. Ned4 Kb7 17. Nxc6 Bxc6 18. Nd4 Rc8 19. a3 Na4 20. Qb4 Qc7 21.
Rhe1 Qb6 22. Nb3 Rc7 23. Qd4 g6 24. Qxb6+ Kxb6 25. Nd4 h5 26. h4 a5 27. c3 Rb8
28. Rc1 Be8 29. Be2 Nc5 30. Red1 Ka7 31. Kc2 b4 32. axb4 axb4 33. Ra1+ Kb7 34.
Ra5 bxc3 35. Kxc3 Ba4 36. Nb5 Bxd1 37. Nxc7 Ne4+ 38. Kd3 Bxe2+ 39. Kxe2 Kxc7
0-1

[Event "PRVA LIGA  CENTRALNE SRBIJE"]
[Site "Vrnjacka Banja"]
[Date "2012.10.04"]
[Round "8.6"]
[White "Kasparov, Sergey"]
[Black "Rusev, Krasimir"]
[Result "1/2-1/2"]
[WhiteElo "2482"]
[BlackElo "2544"]
[PlyCount "66"]
[EventDate "2012.09.29"]

1. e4 e5 2. Nf3 Nc6 3. Bb5 a6 4. Bxc6 dxc6 5. O-O Qf6 6. d4 exd4 7. Bg5 Qd6 8.
Nxd4 Bd7 9. Nc3 Ne7 10. Be3 c5 11. Nde2 Qxd1 12. Rfxd1 Ng6 13. Nd5 O-O-O 14. c4
Bc6 15. f3 Bd6 16. Bf2 Rhe8 17. Bg3 Ne5 18. b3 f6 19. Nef4 Rd7 20. Kf2 Rf7 21.
Nd3 Bxd5 22. Bxe5 Bxe4 23. Bxd6 Bxd3 24. Bxc5 Re2+ 25. Kg1 Rd7 26. Re1 b6 27.
Rxe2 Bxe2 28. Be3 Rd1+ 29. Rxd1 Bxd1 30. Kf2 Bc2 31. Ke2 Kd7 32. Kd2 Bf5 33. a3
a5 1/2-1/2

[Event "PRVA LIGA  CENTRALNE SRBIJE"]
[Site "Vrnjacka Banja"]
[Date "2012.10.04"]
[Round "8.6"]
[White "Radovanovic, Dusan"]
[Black "Marinkovic, Slavisa"]
[Result "1/2-1/2"]
[WhiteElo "2359"]
[BlackElo "2398"]
[PlyCount "26"]
[EventDate "2012.09.29"]

1. e4 e6 2. d4 d5 3. Nc3 Nf6 4. e5 Nfd7 5. Nf3 c5 6. Bg5 Qb6 7. dxc5 Bxc5 8.
Qd2 Nc6 9. O-O-O Bxf2 10. Na4 Qa5 11. Qxf2 Qxa4 12. Kb1 O-O 13. b3 Qb4 1/2-1/2

[Event "PRVA LIGA  CENTRALNE SRBIJE"]
[Site "Vrnjacka Banja"]
[Date "2012.10.04"]
[Round "8.6"]
[White "Zivkovic, Sava"]
[Black "Zivkovic, Ivan B"]
[Result "1-0"]
[WhiteElo "2351"]
[BlackElo "2351"]
[PlyCount "77"]
[EventDate "2012.09.29"]

1. e4 c5 2. Nf3 Nc6 3. d4 cxd4 4. Nxd4 Nf6 5. Nc3 d6 6. g3 e5 7. Nde2 h6 8. Bg2
Be7 9. h3 O-O 10. O-O Be6 11. Nd5 Re8 12. c4 Bxd5 13. exd5 Nb8 14. Be3 a5 15.
Nc3 Na6 16. Qd2 Nd7 17. h4 Nac5 18. Bh3 Bf8 19. b3 e4 20. Qc2 g6 21. Bxd7 Nxd7
22. Nxe4 Qe7 23. Nd2 Bg7 24. Rae1 Qf6 25. Kg2 Ne5 26. Bd4 Qd8 27. Qc3 f6 28.
Qc2 f5 29. h5 Qd7 30. hxg6 Nxg6 31. Nf3 Ne5 32. Qc3 f4 33. Nxe5 dxe5 34. Bxe5
f3+ 35. Kh2 Rf8 36. Bxg7 Rf5 37. Bf6 Qf7 38. Bh4 Kh7 39. Re7 1-0

[Event "PRVA LIGA  CENTRALNE SRBIJE"]
[Site "Vrnjacka Banja"]
[Date "2012.10.04"]
[Round "8.6"]
[White "Ignjatovic, Predrag"]
[Black "Vuckovic, Branko"]
[Result "1-0"]
[WhiteElo "2294"]
[BlackElo "2258"]
[PlyCount "121"]
[EventDate "2012.09.29"]

1. e4 Nf6 2. Nc3 e5 3. Nf3 Bb4 4. Bc4 O-O 5. O-O d6 6. d3 c6 7. h3 Be6 8. Bb3
h6 9. Ne2 Nbd7 10. c3 Ba5 11. Ng3 Re8 12. Re1 Bc7 13. d4 Nf8 14. Be3 Kh7 15.
Bc2 Kg8 16. Qd2 Ng6 17. Rad1 Qe7 18. b3 Rad8 19. c4 c5 20. d5 Bd7 21. Nf5 Qf8
22. Kh2 Nh5 23. g3 b5 24. Rb1 Rb8 25. Bd3 a6 26. Bc2 bxc4 27. bxc4 Rxb1 28.
Rxb1 Rb8 29. Rb3 Rxb3 30. axb3 Qd8 31. Bxh6 Ba5 32. Qc1 Bxf5 33. exf5 Nf8 34.
Bg5 Nf6 35. g4 N8d7 36. Bh4 Qb8 37. Bg5 Qd8 38. Kg2 Bc3 39. Ng1 Qa5 40. Ne2 Bb4
41. Ng3 Qa3 42. Qd1 Qb2 43. Bc1 Qc3 44. g5 Ne8 45. Be3 Kf8 46. Ne4 Qb2 47. h4
a5 48. h5 Ke7 49. f6+ gxf6 50. h6 Nf8 51. Nxf6 e4 52. h7 Ng6 53. Qg4 Nxf6 54.
gxf6+ Kxf6 55. Bxe4 Kg7 56. Bxg6 fxg6 57. Qd7+ Kh8 58. Qxd6 Kxh7 59. Qe7+ Qg7
60. d6 Bc3 61. Bg5 1-0

[Event "PRVA LIGA  CENTRALNE SRBIJE"]
[Site "Vrnjacka Banja"]
[Date "2012.10.04"]
[Round "8"]
[White "Nikolic Boban"]
[Black "Nestorovic Lazar"]
[Result "0-1"]
[WhiteElo "2235"]
[BlackElo "2384"]
[PlyCount "66"]
[EventDate "2012.??.??"]

1. c4 Nf6 2. g3 g6 3. Bg2 Bg7 4. Nc3 O-O 5. d3 e6 6. Bg5 h6 7. Bxf6 Qxf6 8. Nf3
Nc6 9. O-O d6 10. Nd2 Qe7 11. e3 f5 12. f4 e5 13. Nd5 Qf7 14. Rb1 Nd8 15. fxe5
dxe5 16. e4 Be6 17. exf5 gxf5 18. Ne4 c6 19. Ndc3 Qd7 20. Nf2 Nf7 21. Qd2 Bxc4
22. b4 Rad8 23. Qe3 Bxd3 24. Rbd1 e4 25. Ncxe4 fxe4 26. Bxe4 Bd4 27. Qxd3 Bxf2+
28. Rxf2 Qe6 29. Rxf7 Qxf7 30. Qxd8 Qf2+ 31. Kh1 Rxd8 32. Rxd8+ Kf7 33. Bd3 Ke7
0-1

[Event "PRVA LIGA  CENTRALNE SRBIJE"]
[Site "Vrnjacka Banja"]
[Date "2012.10.04"]
[Round "8"]
[White "Stojanovic Mihajlo"]
[Black "Petkov Vladimir"]
[Result "1-0"]
[WhiteElo "2572"]
[BlackElo "2522"]
[PlyCount "91"]
[EventDate "2012.??.??"]

1. c4 Nf6 2. Nc3 e6 3. e4 e5 4. Nf3 Nc6 5. d4 exd4 6. Nxd4 Bb4 7. Nxc6 bxc6 8.
Bd3 d6 9. Bg5 h6 10. Bh4 g5 11. Bg3 Ng4 12. Rc1 Rb8 13. Be2 Bxc3+ 14. Rxc3 Rxb2
15. O-O Ne5 16. Ra3 Be6 17. Rxa7 O-O 18. Ra4 c5 19. f4 Nc6 20. Bd3 Qf6 21. e5
dxe5 22. Be4 exf4 23. Bxc6 Bf5 24. Qd5 Bd3 25. Be1 Bxf1 26. Kxf1 Rd8 27. Ra8
Rxa8 28. Bxa8 Rxa2 29. Qe4 Qd4 30. Bd5 Kg7 31. Qf5 Kh8 32. Qc8+ Kg7 33. Qf5 Kh8
34. Bxf7 Ra1 35. Bd5 Rxe1+ 36. Kxe1 Qe3+ 37. Kf1 Qc1+ 38. Ke2 Qe3+ 39. Kd1 Qb3+
40. Qc2 Qe3 41. Qe4 Qxe4 42. Bxe4 Kg7 43. Ke2 Kf6 44. Bf3 Kg6 45. Kd3 h5 46.
Ke4 1-0

[Event "PRVA LIGA  CENTRALNE SRBIJE"]
[Site "Vrnjacka Banja"]
[Date "2012.10.04"]
[Round "8"]
[White "Tadic Branko"]
[Black "Paunovic Tomislav"]
[Result "1-0"]
[WhiteElo "2525"]
[BlackElo "2333"]
[PlyCount "93"]
[EventDate "2012.??.??"]

1. c4 Nf6 2. Nc3 e5 3. g3 d5 4. cxd5 Nxd5 5. Bg2 Nb6 6. e3 Be7 7. Nge2 O-O 8.
O-O Nc6 9. f4 f6 10. f5 Nb4 11. d4 c6 12. g4 Kh8 13. a3 N4d5 14. Ne4 exd4 15.
exd4 Nc4 16. Rf3 Nd6 17. Rh3 Re8 18. Nc5 Bf8 19. Bxd5 cxd5 20. Nf4 Ne4 21. Ng6+
Kg8 22. Nxf8 Rxf8 23. Nxe4 dxe4 24. Qb3+ Rf7 25. Be3 Qb6 26. Qa2 h6 27. Rf1 Bd7
28. d5 Qa6 29. Bf4 Bb5 30. Rc1 Kh7 31. d6 Be8 32. b4 Rd7 33. Qd2 Qb6+ 34. Rc5
Kg8 35. Re3 Bf7 36. Rxe4 a5 37. Qe3 Qd8 38. b5 Rxd6 39. Bxd6 Qxd6 40. Qd4 Qf8
41. Rc7 Qxa3 42. Ree7 Rf8 43. Re3 Qa2 44. Qd3 Bd5 45. Rc2 Qb1+ 46. Kf2 Qh1 47.
Kg3 1-0

[Event "PRVA LIGA  CENTRALNE SRBIJE"]
[Site "Vrnjacka Banja"]
[Date "2012.10.04"]
[Round "8"]
[White "Carnic Srdjan"]
[Black "Nestorovic Nikola"]
[Result "1/2-1/2"]
[WhiteElo "2338"]
[BlackElo "2430"]
[PlyCount "93"]
[EventDate "2012.??.??"]

1. e4 e5 2. Nf3 Nc6 3. Bc4 Nf6 4. d3 Be7 5. O-O O-O 6. Re1 d6 7. c3 Na5 8. Bb5
a6 9. Ba4 b5 10. Bc2 c5 11. Nbd2 Nc6 12. Nf1 Re8 13. Ng3 h6 14. h3 Bf8 15. a4
b4 16. d4 c4 17. d5 b3 18. Bb1 Na5 19. Be3 Qc7 20. Qd2 Nb7 21. Nh4 Nc5 22. f4
exf4 23. Bxf4 a5 24. Nf3 Nfd7 25. Nh5 Kh8 26. Qf2 Ne5 27. Nxe5 dxe5 28. Be3 Ra6
29. Rf1 Rg6 30. Kh2 Kg8 31. Ng3 Rf6 32. Nf5 Bxf5 33. exf5 e4+ 34. Kh1 Re5 35.
Qe2 Nd3 36. Bd4 Bc5 37. Qe3 Bxd4 38. Qxd4 Re8 39. Bxd3 exd3 40. Rae1 Rd8 41.
Re5 Rfd6 42. Rfe1 Qd7 43. Qxc4 Rxd5 44. Rxd5 Qxd5 45. Qxd5 Rxd5 46. g4 h5 47.
Kg2 1/2-1/2

[Event "PRVA LIGA  CENTRALNE SRBIJE"]
[Site "Vrnjacka Banja"]
[Date "2012.10.04"]
[Round "8"]
[White "Todorovic Jovan"]
[Black "Todorovic Bojan"]
[Result "1/2-1/2"]
[WhiteElo "2427"]
[BlackElo "2327"]
[PlyCount "45"]
[EventDate "2012.??.??"]

1. e4 e5 2. Nf3 Nc6 3. Bb5 Nf6 4. O-O Nxe4 5. d4 Nd6 6. Bxc6 dxc6 7. dxe5 Nf5
8. Qxd8+ Kxd8 9. Nc3 Ke8 10. h3 Be6 11. a3 Bc5 12. Rd1 h6 13. Bf4 Rd8 14. Rxd8+
Kxd8 15. g4 Ne7 16. Ne4 Ng6 17. Bg3 Be7 18. Nd4 Bg5 19. Nc3 Be7 20. Ne4 Bc5 21.
Nf3 Bb6 22. Rd1+ Kc8 23. Ra1 1/2-1/2

[Event "PRVA LIGA  CENTRALNE SRBIJE"]
[Site "Vrnjacka Banja"]
[Date "2012.10.04"]
[Round "8"]
[White "Tosic Miroslav"]
[Black "Mista Aleksander"]
[Result "0-1"]
[WhiteElo "2421"]
[BlackElo "2543"]
[PlyCount "60"]
[EventDate "2012.??.??"]

1. Nf3 c5 2. g3 Nc6 3. Bg2 g6 4. c4 Bg7 5. Nc3 e5 6. O-O Nge7 7. Ne1 O-O 8. Nc2
d6 9. Ne3 Rb8 10. Ned5 Nxd5 11. cxd5 Ne7 12. a4 f5 13. d3 h6 14. f4 exf4 15.
gxf4 Kh7 16. e4 Ng8 17. Qe1 Qe7 18. Kh1 Bd7 19. Bd2 Rbe8 20. Qg3 Bd4 21. Rae1
Qg7 22. Bh3 a6 23. a5 Nf6 24. Bg2 Nh5 25. Qf3 Qf6 26. Bh3 Qh4 27. exf5 gxf5 28.
Re2 Rg8 29. Be1 Qxf4 30. Ref2 Rxe1 0-1